000 00413nmm a2200145Ia 4500
008 251105s9999||||xx |||||||||||||||||und||
041 _aspa
100 _aCorchs, Alejandro
245 0 _aLa unión de la familia
264 _a[Madrid, España] :
_bEdiciones B,
_c2015
300 _a341 páginas
650 _aLatin American narrative
856 _uhttps://public.digitaliapublishing.com/a/54210
942 _cCF
999 _c105492
_d105492